[Event "Abruzzo Region-ch"]
[Site "Cappelle sul Tavo"]
[Date "2013.05.12"]
[Round "3"]
[White "Cerquitella, Luca"]
[Black "Ramundi, Lorenzo"]
[Result "1-0"]
[WhiteElo "2291"]
[BlackElo "1649"]
[PlyCount "93"]
[EventDate "2013.05.11"]
[EventType "swiss"]
[EventRounds "7"]
[EventCountry "ITA"]
[SourceTitle "EXT 2015"]
[Source "ChessBase"]
[SourceDate "2014.11.20"]
[SourceVersion "1"]
[SourceVersionDate "2014.11.20"]
[SourceQuality "1"]

1. e4 c5 2. c3 g6 3. d4 cxd4 4. cxd4 d5 5. exd5 Nf6 6. Bb5+ Nbd7 7. Nc3 Bg7 8. d6 0-0 9. dxe7 Re8 10. Nf3 Qxe7+ 11. Be2 Nb6 12. 0-0 a6 13. h3 Qc7 14. Bg5 Bf5 15. Rc1 Qe7 16. Bd3 Qd7 17. Bxf5 Qxf5 18. Qb3 Qe6 19. Qxe6 Rxe6 20. Rfe1 Rae8 21. Rxe6 fxe6 22. Bxf6 Bxf6 23. Ne4 Bd8 24. b3 h6 25. a4 Kg7 26. Nc5 Re7 27. Re1 Kf6 28. Ne5 Kg7 29. Ned3 Kf6 30. Nf4 Bc7 31. Nfxe6 Bd6 32. Re3 Bxc5 33. Nxc5 Rxe3 34. fxe3 Nd5 35. Kf2 b5 36. Nxa6 bxa4 37. bxa4 Nc3 38. Nc5 Ke7 39. a5 Nb5 40. a6 Kd6 41. Kf3 Kc6 42. h4 Kb6 43. g4 g5 44. hxg5 hxg5 45. Ke4 Nd6+ 46. Kd5 Nf7 47. Ke6 1-0

[Event "Mogliano Veneto op-C 31st"]
[Site "Mogliano Veneto"]
[Date "2010.05.02"]
[Round "5"]
[White "Ramundi, Lorenzo"]
[Black "Simonetto, Adriano"]
[Result "0-1"]
[WhiteElo "1497"]
[BlackElo "1542"]
[PlyCount "100"]
[EventDate "2010.04.30"]
[EventType "swiss"]
[EventRounds "5"]
[EventCountry "ITA"]
[SourceTitle "EXT 2023"]
[Source "ChessBase"]
[SourceDate "2022.10.05"]
[SourceVersion "1"]
[SourceVersionDate "2022.10.05"]
[SourceQuality "1"]

1. e4 c5 2. Nc3 d6 3. f4 Nc6 4. Bb5 Bd7 5. Bxc6 Bxc6 6. Nf3 Nf6 7. d3 g6 8. 0-0 Bg7 9. Qe1 0-0 10. Qh4 Nd7 11. f5 e6 12. Qh3 exf5 13. Bh6 fxe4 14. dxe4 Re8 15. Ng5 Bd4+ 16. Kh1 Bf6 17. Nf3 Ne5 18. Nxe5 Bxe5 19. Qf3 f6 20. Qg4 Bxc3 21. bxc3 Rxe4 22. Qg3 Re2 23. Rf2 Rxf2 24. Qxf2 Qe7 25. Re1 Qf7 26. h3 g5 27. Qf5 Bd7 28. Qd3 d5 29. h4 Bc6 30. hxg5 fxg5 31. Bxg5 Qh5+ 32. Qh3 Qxh3+ 33. gxh3 Rf8 34. Kg1 Rf3 35. Be7 Rxc3 36. Re2 d4 37. Re5 c4 38. Rf5 Rxc2 39. Rf8+ Kg7 40. Rf4 d3 41. Bf8+ Kg8 42. Bh6 Rc1+ 43. Kf2 Rc2+ 44. Ke1 Re2+ 45. Kd1 Ba4+ 46. Kc1 d2+ 47. Kb2 d1Q+ 48. Kc3 Qd3+ 49. Kb4 Qd6+ 50. Kxa4 Qxh6 0-1

[Event "Mogliano Veneto op-C 31st"]
[Site "Mogliano Veneto"]
[Date "2010.05.01"]
[Round "3"]
[White "Ramundi, Lorenzo"]
[Black "Zamprogno, Giacomo"]
[Result "1-0"]
[WhiteElo "1497"]
[BlackElo "1491"]
[PlyCount "79"]
[EventDate "2010.04.30"]
[EventType "swiss"]
[EventRounds "5"]
[EventCountry "ITA"]
[SourceTitle "EXT 2023"]
[Source "ChessBase"]
[SourceDate "2022.10.05"]
[SourceVersion "1"]
[SourceVersionDate "2022.10.05"]
[SourceQuality "1"]

1. e4 c5 2. Nc3 e6 3. f4 g6 4. Nf3 d6 5. Bb5+ Bd7 6. Bxd7+ Nxd7 7. 0-0 Bg7 8. d3 Ne7 9. Qe1 0-0 10. Ng5 h6 11. Nf3 a6 12. Be3 b5 13. a3 Qb8 14. b4 Rc8 15. Rc1 cxb4 16. Ne2 bxa3 17. Qb4 a2 18. Bd4 Nc6 19. Qa3 b4 20. Qxa2 Nxd4 21. Nfxd4 Bxd4+ 22. Nxd4 Qb6 23. Kh1 Qxd4 24. Qa4 Nb6 25. Qa2 Rc3 26. Qa1 e5 27. fxe5 dxe5 28. Qa2 Ra7 29. Rf3 Ra3 30. Qb1 Na4 31. Rcf1 Qb2 32. Qe1 Rc3 33. Qh4 h5 34. Qd8+ Kg7 35. Qf6+ Kh7 36. Qd8 Kg7 37. Qf6+ Kh6 38. Qh8+ Kg5 39. Rg3+ Kh4 40. Qf6+ 1-0